Manual de Diseño - Construcción, montaje y aplicación del muro envolvente : (Record no. 8461)
[ view plain ]
| 000 -LEADER | |
|---|---|
| campo de control de longitud fija | 00503nam a2200145Ia 4500 |
| 005 - FECHA Y HORA DE LA ÚLTIMA TRANSACCIÓN | |
| campo de control | 20260328101446.0 |
| 008 - DATOS DE LONGITUD FIJA--INFORMACIÓN GENERAL | |
| campo de control de longitud fija | 260328s9999||||xx |||||||||||||| ||und|| |
| 100 ## - ENTRADA PRINCIPAL--NOMBRE DE PERSONA | |
| Nombre de persona | Fritz D., Alexander |
| 245 #0 - MENCIÓN DEL TÍTULO | |
| Título | Manual de Diseño - Construcción, montaje y aplicación del muro envolvente : |
| Resto del título | Diseño por envolvente para la Vivienda de Madera / |
| Mención de responsabilidad, etc. | Alexander Fritz D. |
| 250 ## - MENCION DE EDICION | |
| Mención de edición | 1a ed. |
| 260 ## - PUBLICACIÓN, DISTRIBUCIÓN, ETC. | |
| Nombre del editor, distribuidor, etc. | Pontificia Universidad Católica de Chile |
| 300 ## - DESCRIPCIÓN FÍSICA | |
| Extensión | 174 p. |
| 650 ## - PUNTO DE ACCESO ADICIONAL DE MATERIA--TÉRMINO DE MATERIA | |
| Término de materia o nombre geográfico como elemento de entrada | DETALLES CONSTRUCTIVOS |
| 942 ## - ELEMENTOS DE ENTRADA SECUNDARIOS (KOHA) | |
| Tipo de ítem Koha | Libros |
| Estatus retirado | Estado de pérdida | Estado de daño | No para préstamo | Colección | Biblioteca de origen | Biblioteca actual | Ubicación en estantería | Fecha de adquisición | Número de inventario | Total de préstamos | Signatura topográfica completa | Código de barras | Visto por última vez | Copia número | Precio de reemplazo | Tipo de ítem Koha |
|---|---|---|---|---|---|---|---|---|---|---|---|---|---|---|---|---|
| General | Biblioteca Gonzalo Peláez Caldas | Biblioteca Gonzalo Peláez Caldas | Colección general | 28/03/2026 | 2258 | 690.1 F 9191 | 2258 | 28/03/2026 | 1 | 28/03/2026 | Libros |